| 000 | 00383cam a22001217a 4500 | ||
|---|---|---|---|
| 008 | 180718b1985 xxu||||| |||| 00| 0 eng d | ||
| 082 | _aT41x54 Ac44 | ||
| 100 | _aAcharya, Shankar N. | ||
| 245 |
_aAspects of the black economy in India _cby Shankar N. Acharya |
||
| 260 |
_aNew Delhi _bNational Institute of Public Finance and Policy _c1985 |
||
| 300 | _axxxi, 531p. | ||
| 650 | _aEconomy | ||
| 999 |
_c434367 _d434367 |
||